Reinforced concrete structures (Record no. 11959)

000 -LEADER
fixed length control field 00572nam a2200217 a 4500
001 - CONTROL NUMBER
control field 11959
003 - CONTROL NUMBER IDENTIFIER
control field BD-DhUET
008 - FIXED-LENGTH DATA ELEMENTS--GENERAL INFORMATION
fixed length control field 741112s1975 nyua b 001 0 eng
020 ## - INTERNATIONAL STANDARD BOOK NUMBER
International Standard Book Number 0471659177
040 ## - CATALOGING SOURCE
Original cataloging agency DLC
Transcribing agency DLC
Modifying agency BD-DhUET
082 00 - DEWEY DECIMAL CLASSIFICATION NUMBER
Classification number 624.183
Item number PAR/1975
100 1# - MAIN ENTRY--PERSONAL NAME
Personal name Park, R.
245 10 - TITLE STATEMENT
Title Reinforced concrete structures
250 ## - EDITION STATEMENT
Edition statement 1st ed.
260 ## - PUBLICATION, DISTRIBUTION, ETC. (IMPRINT)
Place of publication, distribution, etc. New York
Name of publisher, distributor, etc. John Wiley & sons
Date of publication, distribution, etc. 1975
300 ## - PHYSICAL DESCRIPTION
Extent xvii, 769 p.
Other physical details ill.
Dimensions 24 cm.
504 ## - BIBLIOGRAPHY, ETC. NOTE
Bibliography, etc Includes bibliographies
650 #0 - SUBJECT ADDED ENTRY--TOPICAL TERM
Topical term or geographic name as entry element Reinforced concrete construction
700 ## - ADDED ENTRY--PERSONAL NAME
Personal name Paulay, T.
942 ## - ADDED ENTRY ELEMENTS (KOHA)
Koha item type General Book
Holdings
Koha normalized classification for sorting Damaged status Price effective from Shelving location Koha item type Koha date last seen Withdrawn status Koha full call number Location (home branch) Source of classification or shelving scheme Sublocation or collection (holding branch) Not for loan Piece designation (barcode) Date acquired Lost status Copy number
624_183000000000000_PAR_1975 2015-02-22Circulation sectionGeneral Book2015-02-22 624.183/PAR/1975Central Library, BUET Central Library, BUET 452222015-02-22 1
624_183000000000000_PAR_1975 2015-05-05Circulation sectionGeneral Book2015-05-05 624.183/PAR/1975Central Library, BUET Central Library, BUET 534432015-05-05 2
624_183000000000000_PAR_1975 2015-05-06Circulation sectionGeneral Book2015-05-06 624.183/PAR/1975Central Library, BUET Central Library, BUET 534402015-05-06 3
624_183000000000000_PAR_1975 2015-05-07Circulation sectionGeneral Book2015-05-07 624.183/PAR/1975Central Library, BUET Central Library, BUET 452212015-05-07 4
624_183000000000000_PAR_1975 2015-05-07Circulation sectionGeneral Book2015-05-07 624.183/PAR/1975Central Library, BUET Central Library, BUET 511352015-05-07 5
624_183000000000000_PAR_1975 2015-06-25Reading sectionGeneral Book2015-06-25 624.183/PAR/1975Central Library, BUET Central Library, BUET 449702015-06-25 6
624_183000000000000_PAR_1975 2024-06-30Cataloging sectionGeneral Book2024-06-30 624.183 PAR/1975Central Library, BUET Central Library, BUET 534391982-06-16 7